000 00640nam a2200277Ia 4500
005 20260324140619.0
008 008 260324s9999 xx 000 0 eng d
020 _a9780203790328
037 _aEBOOK
040 _aCRL
040 _beng
040 _cCRL
041 _2eng
041 _aeng
084 _qCRL
100 _aJos Raadschelders
_91205075
245 0 _aHandbook of Administrative History
260 _bTaylor and Francis
260 _c1998
365 _a
365 _b230
856 _uhttp://www.taylorfrancis.com/books/9780203790328
942 _cEBOOK
999 _c1807317
_d1807317